000 00317nam a2200121Ia 4500
008 190216s9999||||xx |||||||||||||| ||und||
100 _aGurdeep R Chatwal & Mahinder S Yadav
245 0 _aOrganometalic Chemistry
260 _bHimalaya Publishing House
_c1992
300 _a359p
650 _aChemistry
942 _cBK
999 _c3014
_d3014